Online katalóg knižníc regiónu Turca

Kolibrík (Record no. 21984)

MARC details
000 -LEADER
fixed length control field 01433cam a2200409 a 4500
001 - CONTROL NUMBER
control field 21984
003 - CONTROL NUMBER IDENTIFIER
control field VRT
005 - DATE AND TIME OF LATEST TRANSACTION
control field 20260317092143.0
008 - FIXED-LENGTH DATA ELEMENTS--GENERAL INFORMATION
fixed length control field 220512s1995 xo ra 0000f slo
015 ## - NATIONAL BIBLIOGRAPHY NUMBER
National bibliography number SNBA1996/0200373
020 ## - INTERNATIONAL STANDARD BOOK NUMBER
International Standard Book Number 8071182214
035 ## - SYSTEM CONTROL NUMBER
System control number SNK000032896
035 ## - SYSTEM CONTROL NUMBER
System control number urn:nbn:sk:snk-amk1tw
035 ## - SYSTEM CONTROL NUMBER
System control number urn:nbn:sk:snk-am00869p
035 ## - SYSTEM CONTROL NUMBER
System control number 19E6F03E-F185-4036-B2AF-70B1AFBD331B
039 #9 - LEVEL OF BIBLIOGRAPHIC CONTROL AND CODING DETAIL [OBSOLETE]
Level of rules in bibliographic description 202306040911
Level of effort used to assign nonsubject heading access points csnk01
Level of effort used to assign subject headings 202306040910
Level of effort used to assign classification csnk01
Level of effort used to assign subject headings 202205120749
Level of effort used to assign classification VLOAD
Level of effort used to assign subject headings 201608301348
Level of effort used to assign classification VLOAD
040 ## - CATALOGING SOURCE
Original cataloging agency SNK
Language of cataloging slo
Transcribing agency SNK
Description conventions AACR2
041 1# - LANGUAGE CODE
Language code of text/sound track or separate title slo
Language code of original eng
044 ## - COUNTRY OF PUBLISHING/PRODUCING ENTITY CODE
MARC country code xo
ISO country code SK
080 ## - UNIVERSAL DECIMAL CLASSIFICATION NUMBER
Universal Decimal Classification number 820 (73)-3
Edition identifier 1981
100 1# - MAIN ENTRY--PERSONAL NAME
Personal name Spencer, LaVyrle,
Dates associated with a name 1943-
Relationship aut
240 10 - UNIFORM TITLE
Uniform title Hummingbird
Language of a work Slovensky
245 10 - TITLE STATEMENT
Title Kolibrík
Statement of responsibility, etc. La Vyrle Spencerová ; [z anglického originálu preložila Oľga Kralovičová]
260 ## - PUBLICATION, DISTRIBUTION, ETC.
Place of publication, distribution, etc. Bratislava
Name of publisher, distributor, etc. Ikar
Date of publication, distribution, etc. 1995
300 ## - PHYSICAL DESCRIPTION
Extent 336 s.
Dimensions 21 cm
655 #7 - INDEX TERM--GENRE/FORM
Genre/form data or focus term americké romány
Source of term SNKPH
655 #7 - INDEX TERM--GENRE/FORM
Genre/form data or focus term ľúbostné romány
Source of term SNKPH
700 1# - ADDED ENTRY--PERSONAL NAME
Personal name Kralovičová, Oľga,
Dates associated with a name 1957-
Relationship trl
910 ## - USER-OPTION DATA (OCLC)
User-option data snk
911 ## - EQUIVALENCE OR CROSS-REFERENCE-CONFERENCE OR MEETING NAME [LOCAL, CANADA]
Meeting name or jurisdiction name as entry element KN 1996/02
Number [OBSOLETE] 00373
Location of meeting 00489
942 ## - ADDED ENTRY ELEMENTS (KOHA)
Source of classification or shelving scheme Dewey Decimal Classification
Koha item type Krásna literatúra pre dospelých
Suppress in OPAC No
949 ## - LOCAL PROCESSING INFORMATION (OCLC)
6 17A1014041
a snkSC 89432
b snkKSP 9775/95
s 6100:20140925
949 ## - LOCAL PROCESSING INFORMATION (OCLC)
9 P60, <09>, [BOOK], {629}
a snkC 2028
b snk3997/951128
949 ## - LOCAL PROCESSING INFORMATION (OCLC)
6 17A0004573
9 P60, <04>, [BOOK], {604}
a snkSC 89432 D1
b snkKSP 9776/95
949 ## - LOCAL PROCESSING INFORMATION (OCLC)
6 273K0213089
a svkpoA 166812
b svkpo413963
o PV 81/96
Holdings
Stav vyradenia Strata Poškodenie Spôsob nadobudnutia Domovská knižnica Aktuálna knižnica Dátum nadobudnutia Total checkouts Čiarový kód exemplára Date last seen Typ exemplára
      Dar Obecná knižnica Turčianska Štiavnička Obecná knižnica Turčianska Štiavnička 17.03.2026   4738000455 17.03.2026 Krásna literatúra pre dospelých
Projekt je podporený Slovenskou asociáciou knižníc
Prevádzkuje Turčianska knižnica Martin 2026